00400nam a2200145Ia 4500003000400000005001700004008004100021040001800062041000800080100004300088110002100131245005300152260001800205710003100223OSt20260309155739.0211028s2011 xx 000 0 und d cAIMIT LIBRARY aeng aShetty, Ranjith; Kudari, Medha.g81776 aAravinda Prabhu. aMobile application for rural based health care / aManipalc2011 aPersistent Systems Limited